LEADER 01019nam0-22003131i-450- 001 990008504760403321 005 20071206100818.0 035 $a000850476 035 $aFED01000850476 035 $a(Aleph)000850476FED01 035 $a000850476 100 $a20070420g19801981km-y0itay50------ba 101 0 $aita 102 $aIT 105 $aa-------001yy 200 1 $aStoria dell'arte italiana$eparte III. Situazioni momenti indagini$e[vol.II.:]Grafica e immagine$eI. Scrittura Miniatura Disegno$eII.illustrazione fotografica$f[a cura di Federico Zeri] 210 $aTorino$cEinaudi$dc1980-1981 215 $a2 tomi$cill.$d22 cm 225 1 $aStoria dell'arte italiana$fcoordinamento editoriale di Paolo Fossati$v9 610 0 $aARTE$aItalia$aStoria 676 $a745.0945 801 0$aIT$bUNINA$gRICA$2UNIMARC 901 $aBK 912 $a990008504760403321 952 $a08 MM 14$b6845$fDINED 952 $a08 MM 13$fDINED 959 $aDINED 996 $aStoria dell'arte italiana$9303799 997 $aUNINA LEADER 06085nam 22006255 450 001 9910495193703321 005 20240312124028.0 010 $a9783030749934 010 $a3030749932 024 7 $a10.1007/978-3-030-74993-4 035 $a(CKB)4100000011994713 035 $a(MiAaPQ)EBC6689031 035 $a(Au-PeEL)EBL6689031 035 $a(OCoLC)1263025226 035 $a(DE-He213)978-3-030-74993-4 035 $a(EXLCZ)994100000011994713 100 $a20210802d2021 u| 0 101 0 $aeng 135 $aurcnu|||||||| 181 $ctxt$2rdacontent 182 $cc$2rdamedia 183 $acr$2rdacarrier 200 10$aNorbert Elias in Troubled Times $eFigurational Approaches to the Problems of the Twenty-First Century /$fedited by Florence Delmotte, Barbara Górnicka 205 $a1st ed. 2021. 210 1$aCham :$cSpringer International Publishing :$cImprint: Palgrave Macmillan,$d2021. 215 $a1 online resource (367 pages) 225 1 $aPalgrave Studies on Norbert Elias,$x2662-3110 311 08$a9783030749927 311 08$a3030749924 327 $a1. Troubled Times: Editors' Introduction -- Part I: Renewing Classical Themes -- 2. The Question of Inequality: Trends of Functional Democratisation and De-democratisation -- 3. Vox Populi Then and Now -- 4. Figurational Sociology of the Rule of Law: A Case of Central and Eastern Europe -- 5. Transformations of Human Rights within Ruptures and Continuity: A Historico-Sociological Approach -- 6. Civilising Digitalisation: In Search of a New balance with Today's Technological Innovations -- 7. Confronting Uncertainties: Process Sociology Converges with the Ecological Risk Society of the Becks -- Part II: Violence and Faces of the War -- 8. The Civilising Process, Decline of Homicide and Mass Murder Societies: Norbert Elias and the History of Violence -- 9. A Throwback to Violence? Outline for a Process-Sociological Approach to 'Terror' and 'Terrorism' -- 10. Violence and Power: The Kaiowá and Guarani Indigenous Peoples -- 11. Analysing European Defence with Elias's Historical Sociology (1990-2020) -- Part III: Established-Outsiders Relations and Habitus Issues -- 12. Weaving Elias's Thought with Indigenous Perspectives and Lives: Proposal for a Research Agenda -- 13. A Question of Function: Unequal Power Ratios and Asylum Seekers in Ireland -- 14. Thoughts on Describing Established and Outsider Figurations in Inner Mongolia- 15. Generational Figuration and We-Group Formation in the Palestinian West Bank since the 1970s -- 16. The Israeli National Habitus and Historiography: The Importance of Generations and State Building -- 17. The Established and The Outsiders: An Incomplete Study? -- Part IV: Conclusive Reflections -- 18. Some Political Implications of Sociology from an Eliasian Point of View. 330 $a"Beautifully written, this book engages thoughtfully with current issues within a solid understanding of their historical background. It covers a hugely impressive range of topics, developing an innovative mobilisation of Elias's sociological perspective that will underpin a wide variety of new research efforts. In a world becoming increasingly interdependent and complex, this book provides an essential guide to developing the kind of understanding of the world in which we live required for a genuinely democratic politics." --Robert van Krieken, Emeritus Professor, The University of Sydney, Australia "Readers will encounter in this volume an unusually wide-ranging collection of innovative papers that revisit core Eliasian ideas, provide new insights into violence and war, and explore through diverse empirical cases the classical analysis of relations between established groups and outsiders. The result is an inventive study which is essential reading for students of the endlessly surprising consequences and challenges of the global integration of modern societies." --Andrew Linklater, Emeritus Professor of International Politics, Aberystwyth University, UK This edited collection brings together texts that discuss current major issues in our troubled times through the lens of Norbert Elias's sociology. It sheds light on both the contemporary world and some of Elias's most controversial concepts. Through examination of the 'current affairs', political and social contemporary changes, the authors in this collection present new and challenging ways of understanding these social processes and figurations. Ultimately, the objective of the book is to embrace and utilise some of the more polemical aspects of Elias's legacy, such as the exploration of decivilizing processes, decivilizing spurts, and dys-civilization. It investigates to what extent Elias's sociological analyses are still applicable in our studiesof the developments that mark our troubled times. It does so through both global and local lenses, theoretically and empirically, and above all, by connecting past, present, and possible futures of all human societies. Florence Delmotte is Research Associate at the Belgian Foundation for Scientific Research (FNRS) and Professor of Political Science at Université Saint-Louis - Bruxelles, Belgium. Barbara Górnicka is Research Fellow in Sociology at University College Dublin, Ireland, where she completed her doctoral degree in 2016. 410 0$aPalgrave Studies on Norbert Elias,$x2662-3110 606 $aSociology 606 $aPolitical sociology 606 $aCriminal behavior 606 $aSociological Theory 606 $aPolitical Sociology 606 $aCriminal Behavior 615 0$aSociology. 615 0$aPolitical sociology. 615 0$aCriminal behavior. 615 14$aSociological Theory. 615 24$aPolitical Sociology. 615 24$aCriminal Behavior. 676 $a301 676 $a301.092 702 $aDelmotte$b Florence 702 $aGo?rnicka$b Barbara 801 0$bMiAaPQ 801 1$bMiAaPQ 801 2$bMiAaPQ 906 $aBOOK 912 $a9910495193703321 996 $aNorbert Elias in troubled times$92833908 997 $aUNINA LEADER 04157nam 22007215 450 001 9910373928703321 005 20251113181725.0 010 $a9783030390747 010 $a3030390748 024 7 $a10.1007/978-3-030-39074-7 035 $a(CKB)4100000010121590 035 $a(DE-He213)978-3-030-39074-7 035 $a(MiAaPQ)EBC6112676 035 $a(PPN)242844960 035 $a(EXLCZ)994100000010121590 100 $a20200122d2020 u| 0 101 0 $aeng 135 $aurnn|008mamaa 181 $ctxt$2rdacontent 182 $cc$2rdamedia 183 $acr$2rdacarrier 200 10$aStatistical Atlases and Computational Models of the Heart. Multi-Sequence CMR Segmentation, CRT-EPiggy and LV Full Quantification Challenges $e10th International Workshop, STACOM 2019, Held in Conjunction with MICCAI 2019, Shenzhen, China, October 13, 2019, Revised Selected Papers /$fedited by Mihaela Pop, Maxime Sermesant, Oscar Camara, Xiahai Zhuang, Shuo Li, Alistair Young, Tommaso Mansi, Avan Suinesiaputra 205 $a1st ed. 2020. 210 1$aCham :$cSpringer International Publishing :$cImprint: Springer,$d2020. 215 $a1 online resource (XV, 417 p. 200 illus., 168 illus. in color.) 225 1 $aImage Processing, Computer Vision, Pattern Recognition, and Graphics,$x3004-9954 ;$v12009 311 08$a9783030390730 311 08$a303039073X 327 $aRegular Papers -- Multi-Sequence CMR Segmentation Challenge -- CRT-EPiggy Challenge -- LV Full Quantification Challenge. 330 $aThis book constitutes the thoroughly refereed post-workshop proceedings of the 10th International Workshop on Statistical Atlases and Computational Models of the Heart: Atrial Segmentation and LV Quantification Challenges, STACOM 2019, held in conjunction with MICCAI 2019, in Shenzhen, China, in October 2019. The 42 revised full workshop papers were carefully reviewed and selected from 76 submissions. The topics of the workshop included: cardiac imaging and image processing, machine learning applied to cardiac imaging and image analysis, atlas construction, statistical modelling of cardiac function across different patient populations, cardiac computational physiology, model customization, atlas based functional analysis, ontological schemata for data and results, integrated functional and structural analyses, as well as the pre-clinical and clinical applicability of these methods. 410 0$aImage Processing, Computer Vision, Pattern Recognition, and Graphics,$x3004-9954 ;$v12009 606 $aComputer vision 606 $aArtificial intelligence 606 $aPattern recognition systems 606 $aApplication software 606 $aComputer Vision 606 $aArtificial Intelligence 606 $aAutomated Pattern Recognition 606 $aComputer and Information Systems Applications 615 0$aComputer vision. 615 0$aArtificial intelligence. 615 0$aPattern recognition systems. 615 0$aApplication software. 615 14$aComputer Vision. 615 24$aArtificial Intelligence. 615 24$aAutomated Pattern Recognition. 615 24$aComputer and Information Systems Applications. 676 $a611.12 702 $aPop$b Mihaela$4edt$4http://id.loc.gov/vocabulary/relators/edt 702 $aSermesant$b Maxime$4edt$4http://id.loc.gov/vocabulary/relators/edt 702 $aCamara$b Oscar$4edt$4http://id.loc.gov/vocabulary/relators/edt 702 $aZhuang$b Xiahai$4edt$4http://id.loc.gov/vocabulary/relators/edt 702 $aLi$b Shuo$4edt$4http://id.loc.gov/vocabulary/relators/edt 702 $aYoung$b Alistair$4edt$4http://id.loc.gov/vocabulary/relators/edt 702 $aMansi$b Tommaso$4edt$4http://id.loc.gov/vocabulary/relators/edt 702 $aSuinesiaputra$b Avan$4edt$4http://id.loc.gov/vocabulary/relators/edt 801 0$bMiAaPQ 801 1$bMiAaPQ 801 2$bMiAaPQ 906 $aBOOK 912 $a9910373928703321 996 $aStatistical Atlases and Computational Models of the Heart. Multi-Sequence CMR Segmentation, CRT-EPiggy and LV Full Quantification Challenges$92282123 997 $aUNINA